[Event "Festival INPS"]
[Site "Roma ITA"]
[Date "1998.??.??"]
[Round "8"]
[White "Gardon, Ermanno"]
[Black "Satta, Vladimiro"]
[Result "0-1"]
[WhiteElo "1818"]
[BlackElo "2230"]
[PlyCount "80"]
[EventDate "1998.??.??"]

1. e4 e6 2. d4 d5 3. Nc3 Nf6 4. e5 Nfd7 5. f4 c5 6. Nf3 Nc6 7. Be3 cxd4 8. Nxd4
Bc5 9. Qd2 a6 10. h4 Bxd4 11. Bxd4 O-O 12. O-O-O b5 13. Qf2 b4 14. Na4 Nxd4 15.
Qxd4 Qa5 16. b3 Bb7 17. c3 bxc3 18. Nxc3 Qa3+ 19. Kb1 Bc6 20. Bd3 Rfb8 21. Bc2
Nc5 22. Ne2 Bb5 23. Nc1 a5 24. Rh3 Ba6 25. f5 a4 26. f6 axb3 27. Bxb3 Bc4 28.
Kc2 Bxb3+ 29. axb3 Ne4 30. Qb2 Qxb2+ 31. Kxb2 Nf2 32. Rg3 Nxd1+ 33. Kc2 Rc8+
34. Kxd1 Ra1 35. Rxg7+ Kh8 36. Rxf7 Raxc1+ 37. Ke2 R1c7 38. Rxc7 Rxc7 39. g4
Rc3 40. Kf2 Rxb3 0-1

[Event "Festival INPS"]
[Site "Roma ITA"]
[Date "1998.??.??"]
[Round "8"]
[White "Manzanilla, Rufino"]
[Black "Lantini, Marco"]
[Result "0-1"]
[WhiteElo "1726"]
[BlackElo "2180"]
[PlyCount "198"]
[EventDate "1998.??.??"]

1. Nf3 Nf6 2. c4 e6 3. Nc3 Bb4 4. Qc2 O-O 5. a3 Bxc3 6. Qxc3 b6 7. g3 Bb7 8.
Bg2 d5 9. d3 d4 10. Qc2 Nbd7 11. e4 dxe3 12. Bxe3 Ng4 13. O-O e5 14. Rad1 Qf6
15. Nd2 Bxg2 16. Kxg2 Qc6+ 17. Kg1 f5 18. h3 Nxe3 19. fxe3 Qh6 20. Kg2 Qxe3 21.
Rde1 Qh6 22. b4 Rae8 23. Rf2 Qg6 24. Kh2 Nf6 25. Nf3 Nh5 26. Rfe2 Qd6 27. c5
Qd5 28. Qa2 Qxa2 29. Rxa2 e4 30. dxe4 Rxe4 31. cxb6 Rxe1 32. Nxe1 axb6 33. Kg2
Re8 34. Nf3 Re3 35. Kf2 Rc3 36. a4 Nf6 37. b5 Ne4+ 38. Kg2 g6 39. g4 fxg4 40.
hxg4 Kf7 41. Re2 Nc5 42. g5 Ra3 43. Ne5+ Kg8 44. Nc6 Rxa4 45. Re8+ Kg7 46. Re7+
Kf8 47. Rxh7 Rg4+ 48. Kf3 Rxg5 49. Na7 Rf5+ 50. Kg4 Na4 51. Rxc7 Rc5 52. Rb7
Re5 53. Rc7 Rc5 54. Rc6 Kf7 55. Rd6 Kg7 56. Rc6 Kh6 57. Rd6 Rc4+ 58. Kh3 Kh5
59. Nc6 Rc3+ 60. Kg2 Rc5 61. Nd4 g5 62. Rc6 Kg4 63. Kh2 Rc3 64. Kg2 Rd3 65. Rc4
Nb2 66. Rc2 Rxd4 67. Rxb2 Rd5 68. Rb4+ Kf5 69. Kg3 Ke5 70. Rb1 Kd6 71. Kg4 Kc5
72. Kf3 Kc4 73. Kg4 Rxb5 74. Rg1 Re5 75. Kg3 b5 76. Rc1+ Kb3 77. Kg4 b4 78. Rc8
Kb2 79. Rh8 b3 80. Rb8 Kc2 81. Rc8+ Kb1 82. Rb8 b2 83. Rb7 Rc5 84. Rh7 Ka2 85.
Ra7+ Kb3 86. Rb7+ Kc2 87. Kh5 b1=Q 88. Rxb1 Kxb1 89. Kg4 Re5 90. Kh5 Kc2 91.
Kg4 Kd3 92. Kf3 Rf5+ 93. Kg4 Ke4 94. Kg3 Rf4 95. Kg2 Rf3 96. Kh2 Kf4 97. Kg2
Kg4 98. Kh2 Rf2+ 99. Kh1 Kg3 0-1

[Event "Festival INPS"]
[Site "Roma ITA"]
[Date "1998.??.??"]
[Round "8"]
[White "Marzano, Carlo"]
[Black "Scacco, Mauro"]
[Result "1-0"]
[WhiteElo "2185"]
[BlackElo "2050"]
[PlyCount "65"]
[EventDate "1998.??.??"]

1. d4 Nf6 2. Nf3 e6 3. Bg5 Be7 4. Nbd2 d5 5. e3 Nbd7 6. Bd3 c5 7. c3 b6 8. O-O
Bb7 9. Qb1 h6 10. Bh4 O-O 11. b4 Qc8 12. a4 a5 13. b5 Qd8 14. Re1 Rc8 15. h3
Re8 16. Bg3 cxd4 17. cxd4 Bb4 18. Rd1 Qe7 19. Ne5 Nxe5 20. Bxe5 Rc3 21. Ra2
Rec8 22. Rc2 Rxc2 23. Bxc2 Nd7 24. Bg3 e5 25. dxe5 Nxe5 26. Nb3 Nc4 27. Bf5 Re8
28. Nd4 Bc5 29. Bg4 g6 30. Bf3 Qf6 31. Nc6 Qc3 32. Bxd5 Nd2 33. Qxg6+ 1-0

[Event "Festival INPS"]
[Site "Roma ITA"]
[Date "1998.??.??"]
[Round "8"]
[White "Rossetti, Mauro"]
[Black "Rossi De Gasperis, Pietro"]
[Result "1/2-1/2"]
[WhiteElo "1912"]
[BlackElo "1704"]
[PlyCount "33"]
[EventDate "1998.??.??"]

1. e4 e6 2. d3 c5 3. Nf3 Nc6 4. g3 d6 5. Bg2 Nf6 6. O-O g6 7. c3 Bg7 8. Re1 O-O
9. Nbd2 e5 10. Nf1 Rb8 11. h3 b5 12. N3h2 b4 13. c4 a5 14. f4 b3 15. a3 Nd4 16.
Rb1 Bd7 17. Nf3 1/2-1/2

[Event "Festival INPS"]
[Site "Roma ITA"]
[Date "1998.??.??"]
[Round "8"]
[White "Sibilio, Mario"]
[Black "Pienabarca, Nicola"]
[Result "1-0"]
[WhiteElo "2330"]
[BlackElo "2060"]
[PlyCount "79"]
[EventDate "1998.??.??"]

1. d4 Nf6 2. c4 c5 3. d5 b5 4. cxb5 a6 5. b6 Qxb6 6. Nc3 d6 7. Nf3 g6 8. Nd2
Bg7 9. e4 O-O 10. Be2 Qc7 11. Nc4 Nbd7 12. O-O Nb6 13. Ne3 Ne8 14. a4 a5 15.
Ra3 Ba6 16. Bxa6 Rxa6 17. f4 c4 18. Kh1 Nf6 19. Qe2 Rc8 20. Bd2 Nfd7 21. e5
dxe5 22. f5 e4 23. Ng4 Nf6 24. fxg6 hxg6 25. Nxf6+ exf6 26. Qxe4 Qe5 27. Qf3
Nd7 28. Raa1 Qb8 29. Nb5 Ne5 30. Qh3 Rd8 31. d6 Qb7 32. Bc3 Qd7 33. Qg3 Nd3 34.
Rxf6 Nc5 35. Rf4 Nxa4 36. Bxg7 Kxg7 37. Rxa4 Qxb5 38. Qc3+ Kg8 39. Rh4 f5 40.
Qf6 1-0

[Event "Festival INPS"]
[Site "Roma ITA"]
[Date "1998.??.??"]
[Round "8"]
[White "Simeone, Giulio"]
[Black "Simeoni, Matteo"]
[Result "0-1"]
[WhiteElo "1717"]
[BlackElo "2035"]
[PlyCount "72"]
[EventDate "1998.??.??"]

1. c4 f5 2. e4 fxe4 3. d3 Nf6 4. dxe4 e5 5. Bd3 Nc6 6. Nc3 Bb4 7. Nge2 O-O 8.
Bg5 Qe8 9. Qb3 Qg6 10. Bxf6 Qxf6 11. O-O-O Qg5+ 12. Kb1 Rxf2 13. Ng3 d6 14. c5+
Kh8 15. cxd6 Bxd6 16. Rhf1 Rxf1 17. Rxf1 Nd4 18. Qa4 c6 19. Nf5 Qd8 20. Nxd4
exd4 21. Qxd4 Be6 22. e5 Bxe5 23. Qe4 Bg8 24. Rf3 Bxc3 25. Rh3 h6 26. bxc3 Qd5
27. Qg6 Qxa2+ 28. Kc1 Qf7 29. Qd6 Qe6 30. Qd4 Re8 31. Rg3 Qe5 32. Qb4 a5 33.
Qa3 a4 34. Kb2 b5 35. Qb4 c5 36. Qg4 b4 0-1

[Event "Festival INPS"]
[Site "Roma ITA"]
[Date "1998.??.??"]
[Round "8"]
[White "Tosoni, Augusto"]
[Black "Bellincampi, Stefano"]
[Result "1-0"]
[WhiteElo "1948"]
[BlackElo "2065"]
[PlyCount "61"]
[EventDate "1998.??.??"]

1. e4 c6 2. d4 d5 3. Nc3 dxe4 4. Nxe4 Bf5 5. Nc5 Qc7 6. Bd3 Bxd3 7. Nxd3 e6 8.
Nf3 Nd7 9. O-O Ngf6 10. Bf4 Bd6 11. Nfe5 c5 12. c3 O-O 13. Qf3 c4 14. Nxd7 Nxd7
15. Qg3 Bxf4 16. Nxf4 Rac8 17. Rfe1 Rfd8 18. Rad1 Nf6 19. Qf3 Qb6 20. Rd2 Rd7
21. Rde2 Rdd8 22. h4 Qc6 23. Qg3 b5 24. Re5 Nd5 25. Nh5 g6 26. Qg5 Kf8 27. Nf6
Nxf6 28. Qxf6 Kg8 29. h5 Rd6 30. h6 Kf8 31. d5 1-0

[Event "III Weekend Accademia"]
[Site "Roma ITA"]
[Date "1998.??.??"]
[Round "1"]
[White "Barletta, Antonio"]
[Black "Corvi, Marco"]
[Result "0-1"]
[WhiteElo "1866"]
[BlackElo "2320"]
[PlyCount "78"]
[EventDate "1998.??.??"]

1. e4 c5 2. Nf3 e6 3. Nc3 a6 4. d4 cxd4 5. Nxd4 Qc7 6. g3 Nc6 7. Bg2 Nf6 8. O-O
Nxd4 9. Qxd4 Bc5 10. Qd3 Ng4 11. Bf4 Ne5 12. Qe2 h5 13. Na4 Ba7 14. Be3 b5 15.
Bxa7 Rxa7 16. Nc3 Qc5 17. Nd1 Rc7 18. Ne3 h4 19. c3 hxg3 20. hxg3 Bb7 21. Rfe1
f6 22. a4 Bc6 23. axb5 Bxb5 24. c4 Nxc4 25. Rec1 Qb4 26. Nxc4 Rxc4 27. Rxc4
Bxc4 28. Qc2 Ke7 29. Rc1 Bb5 30. Qc5+ Qxc5 31. Rxc5 Kd6 32. Rc3 Rb8 33. f4 e5
34. b3 Bc6 35. Kf2 Rb5 36. Ke3 Rc5 37. Rd3+ Kc7 38. Bf3 Rc1 39. Kf2 a5 0-1

[Event "III Weekend Accademia"]
[Site "Roma ITA"]
[Date "1998.??.??"]
[Round "1"]
[White "Campagna, Maurizio"]
[Black "Vignato, Giovanni"]
[Result "0-1"]
[WhiteElo "1723"]
[BlackElo "2150"]
[PlyCount "64"]
[EventDate "1998.??.??"]

1. d4 d5 2. c4 e6 3. Nc3 c6 4. Nf3 f5 5. g3 Nf6 6. a3 Bd6 7. Bg2 O-O 8. b3 Ne4
9. Qc2 Qe7 10. Bb2 Bd7 11. Nb1 Be8 12. Nbd2 Bh5 13. O-O Nd7 14. Rfe1 g5 15. h4
gxh4 16. Nxe4 fxe4 17. Nxh4 Qg7 18. Bxe4 dxe4 19. Qxe4 Rae8 20. Kg2 Rf4 21. d5
Rxe4 22. Bxg7 Kxg7 23. dxe6 R8xe6 24. Rad1 Kf6 25. f3 Rxe2+ 26. Rxe2 Rxe2+ 27.
Kf1 Re6 28. g4 Bg6 29. f4 Bc2 30. Rd2 Bxb3 31. g5+ Kf7 32. f5 Bxc4+ 0-1

[Event "III Weekend Accademia"]
[Site "Roma ITA"]
[Date "1998.??.??"]
[Round "1"]
[White "Chiaretti, Roberto"]
[Black "Moroni, Marco"]
[Result "1-0"]
[WhiteElo "2180"]
[BlackElo "1731"]
[PlyCount "119"]
[EventDate "1998.??.??"]

1. e4 e5 2. Bc4 Bc5 3. Nf3 Nc6 4. c3 Nf6 5. d3 O-O 6. O-O d6 7. Nbd2 a6 8. Bb3
b5 9. h3 Bd7 10. Re1 Nh5 11. Nf1 Nf6 12. Ng3 h6 13. Nh4 Ng4 14. hxg4 Qxh4 15.
Qf3 Bxg4 16. Nf5 Qh5 17. Qg3 Bxf5 18. exf5 Ne7 19. f6 Nf5 20. Qh3 Qxh3 21. gxh3
gxf6 22. Bd5 Rab8 23. Be4 Ne7 24. Bxh6 Rfe8 25. Be3 f5 26. Bf3 Bxe3 27. fxe3
Kh7 28. Kh2 Rg8 29. Rg1 Ng6 30. Rg5 Kg7 31. Rxf5 Rh8 32. Rg1 Rh6 33. Rh5 Rbh8
34. Rxh6 Kxh6 35. b4 f5 36. Bb7 Nh4 37. Kg3 Ng6 38. Kf3 Rb8 39. Bd5 Ne7 40. Be6
Rf8 41. Ke2 Rf6 42. Bb3 Ng6 43. Bd5 Ne7 44. Bf3 d5 45. e4 c6 46. exf5 Rxf5 47.
Bg4 Rf4 48. Rf1 Kg5 49. Rxf4 exf4 50. Bd7 Kh4 51. Kf3 Kg5 52. h4+ Kxh4 53. Kxf4
Kh5 54. Be8+ Kh6 55. Ke5 Kg7 56. Kd6 Nf5+ 57. Kc5 Ne3 58. Bxc6 Nd1 59. Kd4 Kf8
60. Bxd5 1-0

[Event "III Weekend Accademia"]
[Site "Roma ITA"]
[Date "1998.??.??"]
[Round "1"]
[White "De Blasio, Alessandro"]
[Black "De Vita, Igor"]
[Result "0-1"]
[WhiteElo "1714"]
[BlackElo "2125"]
[PlyCount "114"]
[EventDate "1998.??.??"]

1. e4 Nf6 2. e5 Nd5 3. d4 d6 4. Nf3 Bg4 5. Be2 c6 6. Ng5 Bf5 7. Bg4 Bxg4 8.
Qxg4 dxe5 9. dxe5 e6 10. O-O Nd7 11. c4 Ne7 12. Qe2 Qc7 13. f4 Nf5 14. Nc3 Be7
15. Nce4 Nc5 16. g4 Nd4 17. Qf2 Nxe4 18. Nxe4 c5 19. Be3 Rd8 20. Rad1 h5 21. g5
Qc6 22. Bxd4 cxd4 23. Rxd4 Rxd4 24. Qxd4 O-O 25. Nd6 b6 26. b4 Qa4 27. c5 bxc5
28. Qxc5 Qxa2 29. Qa5 Qxa5 30. bxa5 Rd8 31. Rc1 Bxd6 32. exd6 Rxd6 33. Rc8+ Kh7
34. Rc7 Kg6 35. Rxa7 Rd4 36. a6 Rxf4 37. Re7 Ra4 38. a7 h4 39. Kg2 Ra3 40. h3
f6 41. Rxe6 Kxg5 42. Re7 g6 43. Rf7 f5 44. Rh7 Kf6 45. Rxh4 Rxa7 46. Rb4 Kg5
47. Rb3 Ra4 48. Rg3+ Kh5 49. Rf3 Kh4 50. Kg1 Ra2 51. Kh1 Rb2 52. Kg1 Rb5 53.
Kg2 g5 54. Kh2 Re5 55. Kg2 f4 56. Ra3 Re3 57. Ra8 Rg3+ 0-1

[Event "III Weekend Accademia"]
[Site "Roma ITA"]
[Date "1998.??.??"]
[Round "1"]
[White "Farina, Saverio"]
[Black "Russi, Roberto"]
[Result "1-0"]
[WhiteElo "2200"]
[BlackElo "1780"]
[PlyCount "41"]
[EventDate "1998.??.??"]

1. d4 b6 2. c4 e6 3. a3 Bb7 4. Nc3 Nf6 5. d5 Bd6 6. e4 exd5 7. exd5 O-O 8. Nf3
Qe7+ 9. Be2 Ne4 10. Nxe4 Qxe4 11. O-O a5 12. Bd3 Qg4 13. Bxh7+ Kh8 14. Bd3 Na6
15. h3 Qh5 16. Be3 Nc5 17. Nd4 Qe5 18. g3 Nxd3 19. Qxd3 Bc5 20. Nf3 Qxb2 21.
Bxc5 1-0

[Event "III Weekend Accademia"]
[Site "Roma ITA"]
[Date "1998.??.??"]
[Round "1"]
[White "Ferri, Stefano"]
[Black "Cattarinich, Benedetto"]
[Result "1-0"]
[WhiteElo "1933"]
[BlackElo "1702"]
[PlyCount "65"]
[EventDate "1998.??.??"]

1. d4 d5 2. Nf3 Nf6 3. Bg5 c6 4. e3 Bf5 5. Bd3 Bxd3 6. Qxd3 Nbd7 7. O-O e6 8.
Nbd2 Be7 9. h3 Nh5 10. Bxe7 Qxe7 11. Ne5 Nxe5 12. dxe5 g6 13. Rab1 O-O 14. b4
a5 15. b5 c5 16. c4 b6 17. g4 Ng7 18. f4 Rad8 19. Qe2 f6 20. Nf3 f5 21. Rb2
dxc4 22. Qxc4 Rd5 23. Rg2 Rfd8 24. Kh2 Rd3 25. e4 fxg4 26. Rxg4 Kh8 27. Rf2 Nh5
28. Qc2 Qb7 29. Nd2 Re3 30. f5 Rdd3 31. fxg6 Rxh3+ 32. Kg1 hxg6 33. Rxg6 1-0

[Event "III Weekend Accademia"]
[Site "Roma ITA"]
[Date "1998.??.??"]
[Round "1"]
[White "Gullotto, Vincenzo"]
[Black "Sibilio, Mario"]
[Result "0-1"]
[WhiteElo "1900"]
[BlackElo "2330"]
[PlyCount "70"]
[EventDate "1998.??.??"]

1. Nf3 Nf6 2. g3 b5 3. Bg2 Bb7 4. O-O c5 5. d3 d6 6. e4 Nbd7 7. c3 Qc7 8. Nfd2
e5 9. a4 bxa4 10. Qxa4 Be7 11. Nc4 O-O 12. Nba3 a6 13. Bg5 Bc6 14. Qa5 Qb8 15.
Nc2 h6 16. Bd2 d5 17. exd5 Bxd5 18. N2e3 Bxg2 19. Kxg2 Re8 20. Kg1 e4 21. d4
Bf8 22. b4 cxd4 23. cxd4 g6 24. Rab1 Qb5 25. Qxb5 axb5 26. Na5 Nb6 27. Rfc1
Nbd5 28. Nxd5 Nxd5 29. Nb3 Ra2 30. Be1 e3 31. f3 Nxb4 32. Nc5 Nc2 33. Rxb5 Nxd4
34. Rb7 Nxf3+ 35. Kf1 Rxh2 0-1

[Event "III Weekend Accademia"]
[Site "Roma ITA"]
[Date "1998.??.??"]
[Round "1"]
[White "Lagumina, Giulio"]
[Black "Guarnieri, Giuseppe"]
[Result "1-0"]
[WhiteElo "2275"]
[BlackElo "1879"]
[PlyCount "73"]
[EventDate "1998.??.??"]

1. d4 Nf6 2. Bg5 g6 3. Bxf6 exf6 4. e3 Bg7 5. c4 O-O 6. g3 d5 7. cxd5 Qxd5 8.
Nf3 Nc6 9. Bg2 Qa5+ 10. Nc3 Qa6 11. a3 Be6 12. d5 Rad8 13. Qb3 Na5 14. Qa2 Bd7
15. Bf1 b5 16. a4 Nc4 17. axb5 Qxa2 18. Rxa2 Nb6 19. Rxa7 Bg4 20. Nd4 f5 21.
Bg2 f4 22. gxf4 Bxd4 23. exd4 Rfe8+ 24. Kd2 Rd7 25. b3 Rb8 26. Rha1 Kg7 27. Be4
Bf5 28. Bf3 Kf6 29. R1a6 Ke7 30. Na4 Nxd5 31. Nc5 Rd6 32. Bxd5 Rxd5 33. Rxc7+
Ke8 34. Kc3 Bg4 35. b6 Be2 36. Raa7 Rxb6 37. Re7+ 1-0

[Event "III Weekend Accademia"]
[Site "Roma ITA"]
[Date "1998.??.??"]
[Round "1"]
[White "Marzano, Carlo"]
[Black "Iatrino, Vincenzo"]
[Result "1-0"]
[WhiteElo "2185"]
[BlackElo "1740"]
[PlyCount "123"]
[EventDate "1998.??.??"]

1. d4 e6 2. Nf3 f5 3. Bg5 Nf6 4. Nbd2 d5 5. e3 Bd6 6. c4 c6 7. Bd3 O-O 8. Qc2
Nbd7 9. cxd5 cxd5 10. O-O Qe8 11. Bf4 Qe7 12. Bxd6 Qxd6 13. Rac1 Ne8 14. Qc3
Rb8 15. Ne5 Nxe5 16. dxe5 Qb6 17. Nb3 Rf7 18. Qd4 Qxd4 19. Nxd4 a6 20. f4 Rc7
21. Rxc7 Nxc7 22. Rc1 Ne8 23. Rc3 Bd7 24. Rb3 b5 25. Ra3 Rb6 26. Rc3 Kf7 27.
Kf2 Ke7 28. Rc1 Kf7 29. Rc3 Ke7 30. h3 g6 31. g4 Kf7 32. Ke2 Ke7 33. Kd2 Kd8
34. Rc1 Ke7 35. Be2 fxg4 36. hxg4 Kf7 37. Bd3 Rb8 38. Be2 Rc8 39. Rh1 Kg7 40.
Bf3 Rc4 41. Rg1 Kf8 42. Rf1 Kg7 43. Be2 Rc7 44. Bd3 Kh8 45. f5 gxf5 46. gxf5
exf5 47. e6 Bc8 48. Rxf5 Re7 49. Rf7 Rc7 50. Rf8+ Kg7 51. Rxe8 Kf6 52. Rf8+ Kg7
53. e7 Bd7 54. e8=Q Bxe8 55. Ne6+ Kh6 56. Nxc7 Bh5 57. Ne6 Bg4 58. Nf4 Kg7 59.
Rd8 h5 60. Ke1 h4 61. Rxd5 Bf3 62. Rd6 1-0

[Event "III Weekend Accademia"]
[Site "Roma ITA"]
[Date "1998.??.??"]
[Round "1"]
[White "Mastroddi, Emiliano"]
[Black "Coppini, Giorgio"]
[Result "1/2-1/2"]
[WhiteElo "1780"]
[BlackElo "2195"]
[PlyCount "88"]
[EventDate "1998.??.??"]

1. d4 d5 2. c4 c6 3. Nf3 Nf6 4. Nc3 dxc4 5. a4 Bf5 6. e3 e6 7. Bxc4 Bb4 8. Qb3
a5 9. O-O Qe7 10. Rd1 Bg4 11. Be2 O-O 12. Ne5 Bxe2 13. Nxe2 Na6 14. Bd2 h6 15.
Bxb4 Nxb4 16. Nc1 c5 17. dxc5 Qxc5 18. Ncd3 Nxd3 19. Nxd3 Qe7 20. Rac1 Rfc8 21.
h3 Ne4 22. Ne5 Qb4 23. Qxb4 axb4 24. Rxc8+ Rxc8 25. Rd4 Rc1+ 26. Kh2 Nxf2 27.
Rxb4 f6 28. Nf3 Rc7 29. Nd4 e5 30. Ne6 Nd3 31. Nxc7 Nxb4 32. Nb5 Nd3 33. Nd6
Nxb2 34. a5 Nd1 35. Nxb7 Nxe3 36. a6 Nd5 37. a7 Nb6 38. Nd8 Na8 39. Kg3 Kf8 40.
Kf3 Ke7 41. Nb7 Kd7 42. Ke4 Kc6 43. Nd8+ Kd7 44. Nb7 Kc6 1/2-1/2

[Event "III Weekend Accademia"]
[Site "Roma ITA"]
[Date "1998.??.??"]
[Round "1"]
[White "Mogranzini, Roberto"]
[Black "Passerotti, Pierluigi"]
[Result "0-1"]
[WhiteElo "1870"]
[BlackElo "2305"]
[PlyCount "96"]
[EventDate "1998.??.??"]

1. e4 c5 2. Nf3 Nc6 3. d4 cxd4 4. Nxd4 g6 5. c4 Bg7 6. Be3 b6 7. Nc3 Bb7 8. Be2
Nf6 9. f3 O-O 10. O-O Ne8 11. Ndb5 d6 12. Qd2 Rb8 13. Nd5 e6 14. Ndc3 a6 15.
Na3 Ba8 16. Rfd1 f5 17. exf5 gxf5 18. Nc2 Ne5 19. Rac1 Nf7 20. b4 Kh8 21. Nd4
Qf6 22. b5 Rg8 23. Kh1 Qg6 24. Bf1 axb5 25. cxb5 Ne5 26. Nce2 Qf7 27. Nf4 Nc7
28. Nc6 Bxc6 29. bxc6 d5 30. Qf2 b5 31. Bb6 Rgc8 32. Ba7 Ra8 33. Bb6 Nc4 34.
Bxc4 bxc4 35. Qe2 Re8 36. Qc2 Ra6 37. Rb1 Na8 38. Qf2 Rc8 39. Qc5 Bf8 40. Qd4+
Bg7 41. Qc5 Be5 42. Ne2 Nxb6 43. Rxb6 Rxb6 44. Qxb6 Qc7 45. Qe3 f4 46. Qc1 Qd6
47. Nd4 Bxd4 48. Rxd4 e5 0-1

[Event "III Weekend Accademia"]
[Site "Roma ITA"]
[Date "1998.??.??"]
[Round "1"]
[White "Monteleone, Antonio"]
[Black "Scagliarini, Bruno"]
[Result "1-0"]
[WhiteElo "2165"]
[BlackElo "1758"]
[PlyCount "45"]
[EventDate "1998.??.??"]

1. d4 e6 2. c4 Nf6 3. Nc3 Bb4 4. Qc2 c5 5. dxc5 O-O 6. Nf3 Na6 7. Bf4 Bxc5 8.
a3 d5 9. e3 Qa5 10. Rc1 Ne4 11. cxd5 exd5 12. Bd3 Nxc3 13. Bxh7+ Kh8 14. bxc3
Bxa3 15. Ra1 Bg4 16. Bd6 Rfc8 17. Rxa3 Qd8 18. Bf4 Bxf3 19. gxf3 Qe7 20. Ra5 d4
21. Rh5 f6 22. Bg6+ Kg8 23. Qb3+ 1-0

[Event "III Weekend Accademia"]
[Site "Roma ITA"]
[Date "1998.??.??"]
[Round "1"]
[White "Naumkin, Igor"]
[Black "Giorni, Moreno"]
[Result "1-0"]
[WhiteElo "2435"]
[BlackElo "1900"]
[PlyCount "45"]
[EventDate "1998.??.??"]

1. d4 f5 2. Nf3 e6 3. g3 Nf6 4. Bg2 Be7 5. O-O O-O 6. c4 d6 7. Nc3 a5 8. b3 Qe8
9. Bb2 Bd8 10. Re1 e5 11. dxe5 dxe5 12. e4 f4 13. Ba3 fxg3 14. hxg3 Rf7 15.
Nxe5 Qxe5 16. Qxd8+ Qe8 17. Qxe8+ Nxe8 18. e5 c6 19. Rad1 Rd7 20. Na4 Rxd1 21.
Rxd1 Nd7 22. e6 Ndf6 23. Nb6 1-0

[Event "III Weekend Accademia"]
[Site "Roma ITA"]
[Date "1998.??.??"]
[Round "1"]
[White "Occhipinti, Massimo"]
[Black "Scacco, Mauro"]
[Result "0-1"]
[WhiteElo "1704"]
[BlackElo "2050"]
[PlyCount "64"]
[EventDate "1998.??.??"]

1. e4 e5 2. Nf3 Nc6 3. Bc4 Bc5 4. b4 Bxb4 5. c3 Ba5 6. d4 d6 7. O-O Bb6 8. Qb3
Qf6 9. dxe5 dxe5 10. h4 h6 11. a4 Bd7 12. a5 Bxa5 13. Nxe5 Nxe5 14. Rxa5 b6 15.
Rxe5+ Qxe5 16. Bxf7+ Ke7 17. Ba3+ c5 18. f4 Qf6 19. Bd5 Rc8 20. e5 Qf5 21. Nd2
Be6 22. c4 Kf7 23. Ne4 Rd8 24. Ng3 Qg4 25. Bf3 Qxh4 26. Bb2 Ne7 27. f5 Bxc4 28.
e6+ Kg8 29. Qa3 Bxf1 30. Qxa7 Bxg2 31. Bh5 Qxg3 32. Bf7+ Kf8 0-1

[Event "III Weekend Accademia"]
[Site "Roma ITA"]
[Date "1998.??.??"]
[Round "1"]
[White "Pagano, Sergio M."]
[Black "Palamides, Carmine"]
[Result "0-1"]
[WhiteElo "2200"]
[BlackElo "1800"]
[PlyCount "92"]
[EventDate "1998.??.??"]

1. d4 Nf6 2. Nf3 b6 3. g3 Bb7 4. Bg2 e6 5. O-O Be7 6. c4 O-O 7. Nc3 d6 8. d5
exd5 9. Nh4 c6 10. cxd5 cxd5 11. Nf5 Nbd7 12. Bg5 Re8 13. Qd4 Bf8 14. Bxd5 Bxd5
15. Nxd5 Re5 16. e4 h6 17. Bxf6 Nxf6 18. f4 Re6 19. Rfe1 Rc8 20. Rac1 Rxc1 21.
Nxf6+ Qxf6 22. Rxc1 Qxd4+ 23. Nxd4 Rxe4 24. Nb5 Re2 25. Rc8 Rxb2 26. Nxd6 Rxa2
27. Ra8 g6 28. f5 Rd2 29. Nc8 Rd8 30. fxg6 fxg6 31. Kg2 b5 32. Kf3 b4 33. Ke4
b3 34. Rxa7 Rxc8 35. Rb7 Rc3 36. Kd4 Bg7+ 37. Rxg7+ Kxg7 38. Kxc3 Kf6 39. Kxb3
Kf5 40. Kc4 Kg4 41. Kd4 Kh3 42. Ke4 Kxh2 43. Kf3 Kh3 44. Kf4 h5 45. Kf3 g5 46.
g4 h4 0-1

[Event "III Weekend Accademia"]
[Site "Roma ITA"]
[Date "1998.??.??"]
[Round "1"]
[White "Pezzaldi, Roberto"]
[Black "Terreni, Fabio"]
[Result "0-1"]
[WhiteElo "2095"]
[BlackElo "1708"]
[PlyCount "128"]
[EventDate "1998.??.??"]

1. c4 Nf6 2. Nf3 g6 3. b4 Bg7 4. Bb2 d6 5. g3 O-O 6. Bg2 c6 7. O-O Be6 8. d3
Qc8 9. Ng5 Bd7 10. Qb3 h6 11. Ne4 Nxe4 12. Bxe4 Bxb2 13. Qxb2 Bf5 14. Bh1 Nd7
15. Nc3 Rb8 16. a4 Qc7 17. a5 Be6 18. b5 a6 19. Rfc1 Nf6 20. Qd2 Kh7 21. Na4
Rfd8 22. Rab1 Nd7 23. d4 c5 24. d5 Bh3 25. Qf4 Nf6 26. Nb6 Kg7 27. Bf3 Bc8 28.
Rb2 Nd7 29. Nxc8 Rdxc8 30. Bg4 Re8 31. Qd2 Nf6 32. Bf3 axb5 33. Rxb5 b6 34.
axb6 Rxb6 35. Qa5 Rb7 36. Qxc7 Rxc7 37. Rcb1 Ra8 38. R1b2 Ra1+ 39. Kg2 Rc1 40.
Rb7 Rxb7 41. Rxb7 Ng8 42. e3 Rxc4 43. Be2 Rc2 44. Bd3 Rd2 45. Bc4 h5 46. Rc7
Kf6 47. h4 Nh6 48. e4 Ng4 49. Kg1 Rd4 50. Bf1 Rd1 51. Kg2 Rd2 52. Kg1 Nxf2 53.
e5+ dxe5 54. Rxc5 Ne4 55. Rc6+ Kg7 56. Rc7 Nxg3 57. Bc4 Nf5 58. Bb3 Rd4 59. Kf2
Rb4 60. Bc4 Rb2+ 61. Ke1 Rc2 62. Rc6 Ne3 63. Bb3 Rb2 64. Rc3 Ng2+ 0-1

[Event "III Weekend Accademia"]
[Site "Roma ITA"]
[Date "1998.??.??"]
[Round "1"]
[White "Piacentini, Carlo"]
[Black "Tosoni, Augusto"]
[Result "0-1"]
[WhiteElo "1650"]
[BlackElo "1948"]
[PlyCount "72"]
[EventDate "1998.??.??"]

1. c4 Nf6 2. Nf3 g6 3. g3 Bg7 4. Bg2 O-O 5. O-O d6 6. d4 c6 7. Nc3 Qa5 8. Bd2
Qh5 9. Qb3 b6 10. Bg5 Bh3 11. Bxf6 Bxf6 12. Rfd1 Bxg2 13. Kxg2 e5 14. d5 Rd8
15. Rd2 c5 16. a4 Nd7 17. Nb5 e4 18. Ng1 Bg5 19. e3 Ne5 20. h3 Nf3 21. Nxf3
exf3+ 22. Kh2 Bh6 23. Qd3 a6 24. Nc3 Re8 25. Ne4 Qe5 26. Rc2 Qxe4 27. Qxe4 Rxe4
28. a5 b5 29. cxb5 axb5 30. a6 Ra4 31. Rcc1 R8xa6 32. Rab1 Rb4 33. g4 Bg7 34.
Kg3 Bxb2 35. Rc2 Be5+ 36. Kxf3 Rxb1 0-1

[Event "III Weekend Accademia"]
[Site "Roma ITA"]
[Date "1998.??.??"]
[Round "1"]
[White "Pierangeli, Andrea"]
[Black "Verrascina, Roberto"]
[Result "0-1"]
[WhiteElo "1810"]
[BlackElo "2225"]
[PlyCount "92"]
[EventDate "1998.??.??"]

1. e4 Nf6 2. e5 Nd5 3. d4 d6 4. c4 Nb6 5. f4 dxe5 6. fxe5 c5 7. d5 e6 8. Nc3
exd5 9. cxd5 c4 10. Bf4 Bb4 11. d6 O-O 12. Qd2 Nc6 13. Be2 Re8 14. Nf3 Bg4 15.
O-O Bxf3 16. Bxf3 Nxe5 17. Bxe5 Rxe5 18. Bxb7 Rb8 19. Qf4 f6 20. Ba6 Bxd6 21.
Bxc4+ Kh8 22. Rad1 Qc7 23. Bb3 Qc5+ 24. Kh1 Rd5 25. Qf3 Rxd1 26. Rxd1 Qe5 27.
g3 Re8 28. Kg2 Bb4 29. Qd3 g6 30. Rd2 Qc7 31. Qf3 Bxc3 32. bxc3 Kg7 33. g4 a5
34. h4 a4 35. Bd1 Nc4 36. Re2 Ne5 37. Qe3 Qc8 38. Rd2 Kh8 39. Qd4 Qc6+ 40. Kg3
Rc8 41. h5 gxh5 42. gxh5 Qh1 43. Kf4 Rc4 44. Kf5 Rxd4 45. Rxd4 Kg7 46. Bxa4
Qh3+ 0-1

[Event "III Weekend Accademia"]
[Site "Roma ITA"]
[Date "1998.??.??"]
[Round "1"]
[White "Quimi, Marco"]
[Black "Spano' Cuomo, Gaetano"]
[Result "1-0"]
[WhiteElo "2225"]
[BlackElo "1866"]
[PlyCount "123"]
[EventDate "1998.??.??"]

1. e4 e5 2. Nf3 Nc6 3. Bb5 a6 4. Ba4 Nf6 5. O-O Be7 6. Re1 b5 7. Bb3 d6 8. c3
O-O 9. h3 Na7 10. d4 Bb7 11. Nbd2 Nd7 12. Nf1 c5 13. d5 Nc8 14. Ng3 c4 15. Bc2
Nc5 16. Be3 g6 17. Bxc5 dxc5 18. Nxe5 f6 19. Ng4 Bd6 20. a4 Bxg3 21. fxg3 Nd6
22. axb5 axb5 23. Rxa8 Qxa8 24. Rf1 Qd8 25. Qf3 Qe7 26. Qf4 Kg7 27. h4 Bc8 28.
Qh6+ Kg8 29. e5 Bxg4 30. exd6 Qxd6 31. Bxg6 Qe7 32. Bc2 f5 33. d6 Qf6 34. Qxf6
Rxf6 35. d7 Rd6 36. Bxf5 Bxf5 37. Rxf5 Rd1+ 38. Kh2 Rxd7 39. Rxc5 Rb7 40. g4
Kf7 41. Kg3 Ke6 42. Kf4 Kd6 43. Rh5 b4 44. Ke4 b3 45. Kd4 Rf7 46. Rh6+ Kd7 47.
Kxc4 Rf4+ 48. Kxb3 Rxg4 49. Rxh7+ Kc6 50. Rh6+ Kc7 51. c4 Rxg2 52. Kc3 Rh2 53.
b4 Kb7 54. b5 Kb8 55. Rh7 Kc8 56. c5 Kb8 57. b6 Rh1 58. Kc4 Kc8 59. Kb5 Rf1 60.
h5 Kb8 61. Rh8+ Kb7 62. c6# 1-0